000 01146nas a2200349 4500
001 BR0403633
003 BR-BrBNA
005 20231205104711.0
007 ta
008 230509b bl.|||p| |||| 00| 00por d
040 _aBR-BrBNA
_bpor
_cBiblioteca Nacional de Agricultura
041 _a(Pt)
072 _aL72; L10; L20
100 1 _aFraga, A.B.
100 1 _aAlencar, M.M. de
100 1 _aFigueiredo, L.A. de
100 1 _aRazook, A.G.
100 1 _aCyrillo, J.S.N. dos S.G.
245 1 _aAnálise de fatores genéticos e ambientais que afetam a infestação de fêmeas bovinas de raça Caracu por carrapatos (Boophilus microplus)
650 _aGADO CARACU
650 _aFÊMEA
650 _aINFESTAÇÃO
650 _aCARRAPATO
650 _aPARASITO DE ANIMAL
650 _aMODELO MATEMÁTICO
650 _aMELHORAMENTO GENÉTICO ANIMAL
650 _aRESISTÊNCIA GENÉTICA
650 _aINTERAÇÃO GENÉTICA
773 0 _tRevista Brasileira de Zootecnia (Brazil)
_xISSN 1516-3598
_g(Nov-Dec 2003), v. 32(6)Suplemento 1 p. 1578-1586
_wBR0403633
909 _a202311
_bLúcia
_c55
_dLúcia Elande
942 _2AGRIS
_n0
_cANA
999 _c179337
_d179337